Teoría económica y análisis de operaciones

Kaydedildi:
Detaylı Bibliyografya
Yazar: Baumol, William J (Yazar)
Materyal Türü: Kitap
Dil:İspanyolca
Baskı/Yayın Bilgisi: Ciudad de México Herrero Hermanos 1974
Edisyon:5a. ed
Seri Bilgileri:Internacional para la dirección
Konular:
Etiketler: Etiketle
Etiket eklenmemiş, İlk siz ekleyin!

MARC

LEADER 00000nam a2200000 a 4500
001 UCU2500
003 CL-VaPUC
008 960426e19740000MX |||||||||||||||||spa|d
082 0 4 |a 330.1  |b BAU  |2 21 
100 0 |a Baumol, William J  |e author  |9 358699 
245 1 0 |a Teoría económica y análisis de operaciones 
250 |a 5a. ed 
300 |a 532 p 
942 |c BK 
945 |d 19960426 00:00:00  |a cmena 
260 |a Ciudad de México  |b Herrero Hermanos  |c 1974 
650 0 |a Teorías económicas  |9 270968 
650 0 |a Aspectos económicos  |9 255165 
650 0 |a Programación lineal   |9 23 
650 0 |a Programación no lineal   |9 259385 
650 0 |a Microeconomía  |9 258126 
650 0 |a Marketing  |9 259324 
583 |a last modification  |c 19960426 00:00:00  |k Rodrigo Vera 
490 0 |a Internacional para la dirección 
999 |c 246777  |d 246775 
952 |0 0  |1 0  |4 0  |6 330_100000000000000_BAU_1974  |7 0  |8 A  |9 261982  |a BIBING  |b BIBING  |d 2019-11-19  |i 1641689  |o 330.1 BAU 1974  |p 1641689  |r 2025-01-20  |w 2019-11-19  |y BK  |k TRA